Welcome to CU Library Online Public Access Catalogue (OPAC)

The New Testament church, then and now / (Record no. 6133)

MARC details
000 -LEADER
fixed length control field 00587pam a2200193 a 4500
001 - CONTROL NUMBER
control field 2316289
005 - DATE AND TIME OF LATEST TRANSACTION
control field 20250602124642.0
008 - FIXED-LENGTH DATA ELEMENTS--GENERAL INFORMATION
fixed length control field 810410s1981 ohua 000 0 eng
020 ## - INTERNATIONAL STANDARD BOOK NUMBER
International Standard Book Number 0872394433 :
Terms of availability $3.95
050 00 - LIBRARY OF CONGRESS CALL NUMBER
Classification number BV600.2
Item number .L35
082 00 - DEWEY DECIMAL CLASSIFICATION NUMBER
Classification number 262
Edition information 19
100 1# - MAIN ENTRY--PERSONAL NAME
Personal name Lawson, E. LeRoy,
Dates associated with a name 1938-
245 14 - TITLE STATEMENT
Title The New Testament church, then and now /
Statement of responsibility, etc. by E. LeRoy Lawson.
260 ## - PUBLICATION, DISTRIBUTION, ETC.
Place of publication, distribution, etc. Cincinnati, Ohio :
Name of publisher, distributor, etc. Standard Pub.,
Date of publication, distribution, etc. c1981.
300 ## - PHYSICAL DESCRIPTION
Extent 158 p. :
Other physical details ill. ;
Dimensions 22 cm.
650 #0 - SUBJECT ADDED ENTRY--TOPICAL TERM
Topical term or geographic name entry element Church.
650 #0 - SUBJECT ADDED ENTRY--TOPICAL TERM
Topical term or geographic name entry element Church history
Chronological subdivision Primitive and early church, ca. 30-600.
942 ## - ADDED ENTRY ELEMENTS (KOHA)
Source of classification or shelving scheme Library of Congress Classification
Koha item type Books
Suppress in OPAC No
999 ## -
-- 6133
-- 6133
Holdings
Withdrawn status Lost status Source of classification or shelving scheme Damaged status Not for loan Collection Home library Current library Shelving location Date acquired Total checkouts Full call number Barcode Date last seen Copy number Price effective from Koha item type
    Library of Congress Classification     Non-fiction Undergraduate Library (Christ Temple) Undergraduate Library (Christ Temple) General stacks 06/02/2025   BV600.2 LAW ulct00002834 06/02/2025 1 06/02/2025 Books
© 2023-2024 Copyright: Central University Libraries. All Rights Reserved | Created by: Mahone Tech Office